Martín Lutero
Saved in:
| Hovedforfatter: | |
|---|---|
| Format: | Bog |
| Sprog: | spansk |
| Udgivet: |
Madrid
Biblioteca de Autores Cristianos
1973
|
| Serier: | Biblioteca de Autores Cristianos
|
| Fag: | |
| Tags: |
Tilføj Tag
Ingen Tags, Vær først til at tagge denne postø!
|
MARC
| LEADER | 00000nam a2200000 a 4500 | ||
|---|---|---|---|
| 001 | UCL2486 | ||
| 003 | CL-VaPUC | ||
| 008 | 031024e19730000SP |||||||||||||||||spa|d | ||
| 020 | |a 8422004216 | ||
| 020 | |a 8422004224 | ||
| 020 | |a 8422004232 | ||
| 082 | 0 | 4 | |a 284.1092 |b GAR |2 21 |
| 100 | |a García Villoslada, Ricardo |e autor |c S.J. |9 479583 | ||
| 245 | 1 | 0 | |a Martín Lutero |
| 300 | |a v | ||
| 942 | |c BK | ||
| 945 | |d 20031024 00:00:00 |a vberengu | ||
| 260 | |a Madrid |b Biblioteca de Autores Cristianos |c 1973 | ||
| 500 | |a v.1: El fraile hambriento de Dios | ||
| 500 | |a v.2: En lucha contra Roma | ||
| 600 | 0 | |a Lutero, Martín |d 1483-1546 |9 859309 | |
| 650 | 7 | |a IGLESIA LUTERANA |2 CL-VaPUC |9 479585 | |
| 650 | 7 | |a HISTORIA ECLESIASTICA |2 CL-VaPUC |9 479586 | |
| 650 | 7 | |a MOVIMIENTOS RELIGIOSOS |2 CL-VaPUC |9 346572 | |
| 583 | |a last modification |c 20190801 09:16:29 |k Rodrigo Vera | ||
| 490 | 0 | |a Biblioteca de Autores Cristianos | |
| 999 | |c 305791 |d 305789 | ||
| 952 | |0 0 |1 0 |4 0 |6 284_109200000000000_GAR_1973 |7 0 |8 A |9 370192 |a BIBTEO |b BIBTEO |d 2019-11-21 |h v.1 |i 2091860 |o 284.1092 GAR 1973 |p 2091860 |r 2024-01-18 |w 2019-11-21 |y BK |k ICR | ||
| 952 | |0 0 |1 0 |4 0 |6 284_109200000000000_GAR_1973 |7 0 |8 A |9 370193 |a BIBTEO |b BIBTEO |d 2019-11-21 |h v.2 |i 2091879 |o 284.1092 GAR 1973 |p 2091879 |r 2024-01-18 |w 2019-11-21 |y BK |k ICR | ||